प्राथमिक शरीर रचना शास्त्र तथा व्यायाम क्रिया विज्ञान / (Record no. 39751)

MARC details
000 -LEADER
fixed length control field 01310nam a22002417a 4500
005 - DATE AND TIME OF LATEST TRANSACTION
control field 2010080606516.0
010 ## - LCCN (DPL NO)
LC control number HIN-90027
020 ## - INTERNATIONAL STANDARD BOOK NUMBER
Terms of availability 595.00
International Standard Book Number 9788178795461
035 ## - SYSTEM CONTROL NUMBER
System control number HN-62373
037 ## - SOURCE OF ACQUISITION
Source of stock number/acquisition DBAD / PUB
082 ## - DEWEY DECIMAL CLASSIFICATION NUMBER
Classification number 371.904 486
100 ## - MAIN ENTRY--PERSONAL NAME
Personal name तायडे, प्रवीण
245 ## - TITLE STATEMENT
Title प्राथमिक शरीर रचना शास्त्र तथा व्यायाम क्रिया विज्ञान /
Statement of responsibility, etc प्रवीण तायडे
246 ## - VARYING FORM OF TITLE
Title proper/short title Prathmik Shareer Rachna Shashtra Tatha Vyayam Kriya Vigyan
Remainder of title by Praveen Tayde
260 ## - PUBLICATION, DISTRIBUTION, ETC. (IMPRINT)
Place of publication, distribution, etc नई दिल्ली
Name of publisher, distributor, etc स्पोर्टस पब्लिकेशन्स
Date of publication, distribution, etc 2009
270 ## - ADDRESS
Address 7/26, ग्राउण्ड फ्लोर, अंसारी रोड़, दरियागंज
City नई दिल्ली
Postal code 110002
Telephone number 011-65749511
Fax number 011-23240261
Electronic mail address lakshaythani@hotmail.com
300 ## - PHYSICAL DESCRIPTION
Extent 260पृ
Dimensions 22सेमी (सजिल्द)
Other physical details सचित्र
700 ## - ADDED ENTRY--PERSONAL NAME
9 (RLIN) 7228
700 ## - ADDED ENTRY--PERSONAL NAME
9 (RLIN) 7267
700 ## - ADDED ENTRY--PERSONAL NAME
9 (RLIN) 7698
942 ## - ADDED ENTRY ELEMENTS (KOHA)
Institution code [OBSOLETE] dpl
Item type Hindi Books
Call number prefix
Source of classification or shelving scheme Dewey Decimal Classification
Call number suffix तायडे
Classification part 371.904 486
Holdings
Withdrawn status Lost status Not for loan Collection code Home library Current library Date acquired Source of acquisition Cost, normal purchase price Full call number Barcode Copy number Cost, replacement price Koha item type
    Not For Loan Non-fiction D.B.Act.Division D.B.Act.Division 06/08/2010 DBAD / PUB 595.00 371.904 486 तायडे HN-62373 1 595.00 Hindi Books

© Delhi Public Library
Hit Counter
free hit counter